[Event "It (cat.7) (a)"]
[Site "masterchessopen.com Cairo (Egypt)"]
[Round "4"]
[White "Horvath Csaba (HUN)"]
[Black "Hassan Sayed Barakat (EGY)"]
[Result "1-0"]
[WhiteElo "2530"]
[BlackElo "2345"]

1.d4 Nf6 2.c4 g6 3.Nc3 Bg7 4.e4 d6 5.Be2 O-O 6.Bg5 h6 7.Be3 Nbd7 8.Qd2 c5 9.d5
Qa5 10.Bxh6 Bxh6 11.Qxh6 Nxe4 12.Rc1 Ndf6 13.h4 Qb4 14.Bf3 Bf5 15.Ne2 Qxb2
16.h5 g5 17.O-O g4 18.Bxe4 Nxe4 19.Nxe4 Bxe4 20.Nc3 Bh7 21.Qg5+ Kh8 22.Qxe7
Bc2 23.Qf6+ Kh7 24.h6 Rg8 25.Qxf7+ Kh8 26.Qf6+ Kh7 27.Rfe1 Rae8 28.Re7+ Rxe7
29.Qxe7+ Kxh6 30.Qf6+ Rg6 31.Qf4+ Rg5 32.Qd2 Qb4 {#r} 1-0

[Event "It (cat.7) (a)"]
[Site "masterchessopen.com Cairo (Egypt)"]
[Round "2"]
[White "Krizsany Laszlo (HUN)"]
[Black "Hassan Sayed Barakat (EGY)"]
[Result "1-0"]
[WhiteElo "2440"]
[BlackElo "2345"]

1.d4 Nf6 2.c4 d6 3.Nc3 g6 4.e4 Bg7 5.Be2 O-O 6.Bg5 h6 7.Be3 e5 8.d5 c6 9.Qd2
cxd5 10.cxd5 Kh7 11.f3 Nh5 12.Bd1 Nd7 13.Nge2 a6 14.b4 Nb6 15.Bb3 Bd7 16.Rc1
Rc8 17.Qd3 f5 18.O-O f4 19.Bf2 g5 20.h3 Nf6 21.b5 a5 22.Na4 Nxa4 23.Bxa4 h5
24.Rxc8 Bxc8 25.b6 Ng8 26.Rc1 g4 27.hxg4 hxg4 28.fxg4 Nh6 29.Rc7 Bxg4 30.Rxb7
f3 31.Ng3 fxg2 32.Qd2 Kh8 33.Bd1 Bxd1 34.Qxd1 Qa8 35.Rc7 Qa6 36.Qe2 Qxe2
37.Nxe2 Ng4 38.b7 Kh7 39.Ba7 Rf1+ 40.Kxg2 {#r} 1-0

[Event "It (open)"]
[Site "masterchessopen.com Dresden (Germany)"]
[Round "1"]
[White "Uhlmann Wolfgang (GER)"]
[Black "Sponer Gunter (GER)"]
[Result "1-0"]
[WhiteElo "2485"]
[BlackElo "2135"]

1.c4 Nf6 2.Nc3 g6 3.e4 d6 4.d4 Bg7 5.Be2 O-O 6.Bg5 h6 7.Be3 e5 8.d5 Nbd7 9.Qd2
Kh7 10.f3 Nh5 11.Nh3 f5 12.exf5 gxf5 13.f4 Nhf6 14.Nf2 exf4 15.Bxf4 Ne5 16.O-O
Nfg4 17.Nxg4 fxg4 18.Bg3 Qe8 19.Nb5 Qe7 20.Qc2+ Kh8 21.Qe4 a6 22.Rxf8+ Qxf8
23.Nxc7 Bf5 24.Qf4 Rc8 25.Ne6 Bxe6 26.Qxf8+ Rxf8 27.dxe6 Re8 28.Bxe5 Bxe5
29.Bxg4 Bxb2 30.Rb1 Bd4+ 31.Kf1 b6 32.Ke2 Kg7 33.Kd3 Bc5 34.Ke4 Rf8 35.Kd5 Rf4
36.e7 Rd4+ 37.Kc6 {#r} 1-0

[Event "It (open)"]
[Site "masterchessopen.com Ebbw Vale (Wales)"]
[Round "5"]
[White "Varley Peter (WLS)"]
[Black "Gilbert Jonathan A (WLS)"]
[Result "1-0"]
[WhiteElo "2220"]
[BlackElo "2079"]

1.d4 Nf6 2.c4 g6 3.Nc3 Bg7 4.e4 d6 5.Be2 O-O 6.Bg5 h6 7.Be3 c6 8.Qd2 Kh7 9.f3
a6 10.g4 Ng8 11.h4 b5 12.h5 g5 13.Bd3 e5 14.Nge2 Nd7 15.O-O Ndf6 16.d5 b4
17.Na4 c5 18.a3 bxa3 19.Rxa3 Rb8 20.Ng3 Ne7 21.Rb1 a5 22.Rba1 Bd7 23.Nc3 Bxg4
24.fxg4 Nxg4 25.Nb5 Qd7 26.Rxa5 Nf6 27.Qg2 Qg4 28.Be2 Qh4 29.Ra7 Nc8 30.Ra8
Rb7 31.Nf5 Qxe4 32.Qxe4 Nxe4 33.Bd3 {#r} 1-0

[Event "It (open)"]
[Site "masterchessopen.com Essen (Germany)"]
[Round "6"]
[White "Jungbluth Rolf (GER)"]
[Black "Hausrath Daniel (GER)"]
[Result "0-1"]
[WhiteElo "2159"]
[BlackElo "2415"]

1.c4 g6 2.Nc3 Bg7 3.d4 Nf6 4.e4 d6 5.Be2 O-O 6.Bg5 h6 7.Be3 Nbd7 8.Qd2 Kh7
9.f3 c5 10.d5 a6 11.g4 Ne5 12.h4 b5 13.Nh3 h5 14.cxb5 axb5 15.gxh5 Nxh5
16.Ng5+ Kg8 17.Rg1 b4 18.Nd1 Ba6 19.f4 Nc4 20.Bxc4 Bxc4 21.f5 Qa5 22.fxg6 fxg6
23.Ne6 Rf6 24.Bg5 Rf7 25.Ne3 Bb5 26.Ng4 b3 27.Nxg7 Kxg7 28.Qxa5 Rxa5 29.a3 Ra4
30.Nf2 Rf3 31.Bd2 Ng3 32.e5 Ne2 33.Rg2 dxe5 34.h5 Ng3 35.hxg6 Re4+ 36.Kd1 Re2
37.Be1 Nf5 38.Rg1 Rc2 39.Bc3 Ne3+ {#R} 0-1

[Event "Bundesliga 1996/97"]
[Site "masterchessopen.com Germany"]
[Round "10"]
[White "Kachiani-G Ketino (GER)"]
[Black "Hetey Laszlo (GER)"]
[Result "1-0"]
[WhiteElo "2415"]
[BlackElo "2345"]

1.d4 Nf6 2.c4 g6 3.Nc3 Bg7 4.e4 d6 5.Be2 O-O 6.Bg5 h6 7.Be3 Na6 8.h4 c5 9.d5
h5 10.Nh3 Nc7 11.Ng5 Ng4 12.Bxg4 Bxg4 13.f3 Bd7 14.g4 hxg4 15.h5 f6 16.h6 fxg5
17.hxg7 Kxg7 18.Bxg5 Rh8 19.Kd2 b5 20.e5 dxe5 21.Qe2 g3 22.Qxe5+ Kf7 23.d6 g2
24.dxe7 Rxh1 25.Qf6+ {#r} 1-0

[Event "Bundesliga 1997/98 (w)"]
[Site "masterchessopen.com Germany"]
[Round "0"]
[White "Kube Hannelore (GER)"]
[Black "Mueller Andrea (GER)"]
[Result "0-1"]
[WhiteElo "1976"]
[BlackElo "2051"]

1.c4 Nf6 2.Nc3 g6 3.d4 Bg7 4.e4 d6 5.Be2 O-O 6.Bg5 h6 7.Be3 e5 8.dxe5 dxe5
9.Qxd8 Rxd8 10.Nf3 Nc6 11.O-O Nd4 12.Bd1 Ne8 13.Nd5 Be6 14.Rc1 c6 15.Bxd4 exd4
16.Nf4 Nc7 17.Be2 g5 18.Nd3 f5 19.exf5 Bxf5 20.Rfd1 Re8 21.Bf1 Ne6 22.c5 Bf6
23.g3 g4 24.Nh4 Be4 25.Bg2 Bxd3 26.Rxd3 Bxh4 27.gxh4 Nf4 28.Rb3 Ne2+ 29.Kf1
Nxc1 30.Rxb7 d3 31.Bxc6 d2 32.Ba4 Re1+ 33.Kg2 Ne2 34.f3 gxf3+ 35.Kf2 d1=Q
36.Bxd1 Rxd1 37.c6 Rc1 38.Rc7 Nd4 {#R} 0-1

[Event "Ch Bahn (team)"]
[Site "masterchessopen.com Germany"]
[Round "1"]
[White "Kalmutzki Manfred (GER)"]
[Black "Heiss Heinz"]
[Result "1-0"]
[WhiteElo "1941"]
[BlackElo "1769"]

1.d4 Nf6 2.c4 g6 3.Nc3 Bg7 4.e4 d6 5.Be2 O-O 6.Bg5 h6 7.Be3 Nbd7 8.Qd2 Kh7
9.h3 e5 10.d5 Nc5 11.Bd3 Nxd3+ 12.Qxd3 Nh5 13.Nf3 Nf4 14.Bxf4 exf4 15.O-O f5
16.Rfe1 Re8 17.exf5 Rxe1+ 18.Rxe1 Bxf5 19.Qd2 g5 20.Nd4 Bd7 21.Ne6 Bxe6
22.Rxe6 Bf6 23.Qd3+ Kg7 24.Qf5 Qf8 25.Ne4 Be7 26.Qg6+ Kh8 27.Nf6 Bxf6 28.Rxf6
Qg7 29.Qf5 Qh7 30.Qe6 {#r} 1-0

[Event "Oberliga Northeast 1996/97"]
[Site "masterchessopen.com Germany"]
[Round "0"]
[White "Heinig Wolfram Dr (GER)"]
[Black "Schoewel Matthias (GER)"]
[Result "1-0"]
[WhiteElo "2305"]
[BlackElo "2220"]

1.d4 g6 2.c4 Bg7 3.Nc3 d6 4.e4 Nf6 5.Be2 O-O 6.Bg5 h6 7.Be3 Nc6 8.Qd2 Kh7 9.d5
Ne5 10.h3 Ng8 11.f4 Nd7 12.Bd3 Nc5 13.Bc2 f5 14.e5 b6 15.Nf3 e6 16.O-O-O exd5
17.cxd5 a5 18.g4 dxe5 19.Nxe5 Ne7 20.Qg2 Bxe5 21.fxe5 Rb8 22.Rhg1 Qe8 23.d6
cxd6 24.exd6 Nc6 25.Qd2 Ne5 26.Bxh6 Nf3 27.Qf4 Nxg1 28.Bxf8 Qxf8 29.Rxg1 Be6
30.Rf1 Rd8 31.gxf5 Bxf5 32.Nb5 Qh6 33.Qxh6+ Kxh6 34.Bxf5 Rf8 35.Nd4 Rf6 36.d7
Nxd7 37.Bd3 Rd6 38.Rf4 Ne5 39.Be2 Kg5 40.Re4 {#r} 1-0

[Event "Oberliga Northeast 1996/97"]
[Site "masterchessopen.com Germany"]
[Round "0"]
[White "Maksimenko Andrei (UKR)"]
[Black "Schoene Ralf (GER)"]
[Result "1-0"]
[WhiteElo "2515"]
[BlackElo "2435"]

1.d4 Nf6 2.c4 g6 3.Nc3 Bg7 4.e4 d6 5.Be2 O-O 6.Bg5 h6 7.Be3 c5 8.e5 dxe5
9.dxe5 Nfd7 10.f4 Nc6 11.Nf3 Qa5 12.O-O Re8 13.a3 e6 14.Qc2 Qd8 15.Rfd1 Qe7
16.Ne4 a5 17.Rd2 b6 18.Nd6 Rf8 19.Rad1 Ncb8 20.Bf2 g5 21.fxg5 hxg5 22.Be3 Nxe5
23.Nxe5 Bxe5 24.Nxc8 Rxc8 25.Qe4 Nc6 26.Rd7 Qf6 27.Bh5 Nd8 28.h4 gxh4 29.Rf1
Bh2+ 30.Kxh2 Qxf1 31.Bf4 Kf8 32.Qe5 Ke8 33.Bxf7+ {#r} 1-0

[Event "It (open)"]
[Site "masterchessopen.com Graz (Austria)"]
[Round "3"]
[White "Roeder Mathias (GER)"]
[Black "Leimeister Winfried (GER)"]
[Result "1-0"]
[WhiteElo "2435"]
[BlackElo "1918"]

1.d4 Nf6 2.c4 g6 3.Nc3 Bg7 4.e4 d6 5.Be2 O-O 6.Bg5 h6 7.Be3 Nc6 8.d5 Nb8 9.h3
c5 10.Bd3 Na6 11.Qd2 Kh7 12.Nf3 Bd7 13.O-O Nc7 14.e5 dxe5 15.Nxe5 b6 16.f4 e6
17.d6 Nce8 18.Be2 a6 19.Bf3 Ra7 20.a4 Ng8 21.a5 f6 22.axb6 Qxb6 23.Nd3 Nxd6
24.Bxc5 Qc7 25.Qf2 Raa8 26.Bxa8 Rxa8 27.Bxd6 Qxd6 28.Nc5 Bc8 29.Rfd1 Qc6
30.Rd8 Ra7 31.Nb5 Rf7 32.Rxc8 Qxc8 33.Nd6 {#r} 1-0

[Event "It (open)"]
[Site "masterchessopen.com Las Vegas (USA)"]
[Round "6"]
[White "Graves Peter (DEN)"]
[Black "Thrush T"]
[Result "0-1"]
[WhiteElo "2089"]
[BlackElo "2185"]

1.d4 Nf6 2.c4 g6 3.Nc3 Bg7 4.e4 d6 5.Be2 O-O 6.Bg5 h6 7.Be3 e5 8.d5 Nbd7 9.Qd2
Kh7 10.g4 Nc5 11.f3 a5 12.h4 Ng8 13.h5 g5 14.Nh3 f6 15.O-O Bd7 16.b3 b6 17.Nf2
Ne7 18.Rfc1 Kh8 19.Bd1 f5 20.exf5 Bxf5 21.gxf5 Nxf5 22.Nce4 Qe8 23.Nh1 Nh4
24.Bxc5 bxc5 25.Nhg3 Rxf3 26.Rc3 Rf4 27.Qh2 Qd7 28.Re3 Raf8 29.Be2 Nf5 30.Nxf5
Qxf5 31.Ng3 Qc2 32.Bd1 Rf1+ 33.Nxf1 Rxf1+ 34.Kxf1 Qxh2 35.Bf3 e4 36.Rxe4 Bxa1
37.Re8+ Kg7 38.Be4 Bd4 {#R} 0-1

[Event "It (open) \"]
[Site "masterchessopen.com Leipzig (Germany)"]
[Round "1"]
[White "Kalkhof Stefan (GER)"]
[Black "Sikorsky Horst (GER)"]
[Result "0-1"]
[WhiteElo "2191"]
[BlackElo "2123"]

1.d4 Nf6 2.c4 g6 3.Nc3 Bg7 4.e4 d6 5.Be2 O-O 6.Bg5 h6 7.Be3 e5 8.h3 exd4
9.Bxd4 Re8 10.Qc2 Nc6 11.Be3 a5 12.Nf3 a4 13.a3 Bd7 14.O-O b6 15.Nd2 Na5
16.Rac1 Nb7 17.Rfd1 Nc5 18.Bf3 Ra5 19.Bd4 Qc8 20.Ne2 Bc6 21.Bc3 Ra7 22.e5 Bxf3
23.Nxf3 dxe5 24.Bxe5 Nb3 25.Rb1 Ra5 26.Qc3 Ne4 {#R} 0-1

[Event "It (open)"]
[Site "masterchessopen.com Mondariz (Spain)"]
[Round "0"]
[White "Damljanovic Branko (SRB)"]
[Black "Garcia Jose Luis (ESP)"]
[Result "1-0"]
[WhiteElo "2540"]
[BlackElo "2078"]

1.c4 Nf6 2.Nc3 g6 3.e4 d6 4.d4 Bg7 5.Be2 O-O 6.Bg5 h6 7.Be3 Nbd7 8.Qd2 Kh7
9.O-O-O e5 10.d5 Nc5 11.f3 Nh5 12.g3 a5 13.Kb1 Bd7 14.Bxc5 dxc5 15.f4 exf4
16.Bxh5 gxh5 17.gxf4 c6 18.Nf3 Bg4 19.Qd3 b5 20.e5+ Kh8 21.h3 bxc4 22.Qe4 cxd5
23.Rxd5 Bxf3 24.Qxf3 Qb6 25.Rd6 Qb4 26.Nd5 Qb7 27.Rg1 Ra6 28.Qg2 Rg8 29.Rxa6
{#r} 1-0

[Event "Ch Niederrhein (juniors) (under 20)"]
[Site "masterchessopen.com NRW (Germany)"]
[Round "0"]
[White "Swemers Christian"]
[Black "Braslavskij Alex (UKR)"]
[Result "0-1"]
[WhiteElo "1905"]
[BlackElo "2287"]

1.d4 Nf6 2.c4 g6 3.Nc3 Bg7 4.e4 d6 5.Be2 O-O 6.Bg5 h6 7.Bf4 Nc6 8.Qd2 g5 9.Be3
Nh7 10.h4 e5 11.d5 Nd4 12.Bd3 c5 13.f3 f6 14.Nh3 Rf7 15.Nf2 Bd7 16.Ng4 Qa5
17.hxg5 hxg5 18.Kf2 a6 19.Qe1 b5 20.Nh6+ Bxh6 21.Rxh6 bxc4 22.Qh1 Be8 23.Qh3
cxd3 24.Rh1 Qc7 25.Bxd4 cxd4 26.Qe6 Kh8 27.Qf5 dxc3 28.Qg6 c2 {#R} 0-1

[Event "It (open)"]
[Site "masterchessopen.com Passau (Germany)"]
[Round "0"]
[White "Czanderle Guenther (GER)"]
[Black "Loos Stephan (GER)"]
[Result "1-0"]
[WhiteElo "2167"]
[BlackElo "2137"]

1.c4 Nf6 2.Nc3 g6 3.d4 Bg7 4.e4 d6 5.Be2 O-O 6.Bg5 h6 7.Bf4 c5 8.d5 Na6 9.Qd2
Kh7 10.f3 Nh5 11.Be3 e5 12.dxe6 Bxe6 13.g4 Nf6 14.h4 Qe7 15.Nh3 Nd7 16.f4 Rae8
17.O-O-O Nb6 18.b3 Nb4 19.Kb1 Bxg4 20.Ng5+ hxg5 21.hxg5+ Kg8 22.Bxg4 f5
23.gxf6 Bxf6 24.e5 dxe5 25.Qh2 Rf7 26.f5 Rh7 27.Qf2 Na6 28.Rxh7 Qxh7 29.Ne4
Qh4 30.Qg2 Kg7 31.Rh1 {#r} 1-0

[Event "It (open)"]
[Site "masterchessopen.com Passau (Germany)"]
[Round "0"]
[White "Czanderle Guenther (GER)"]
[Black "Stierle Martin (GER)"]
[Result "1-0"]
[WhiteElo "2167"]
[BlackElo "1964"]

1.c4 g6 2.Nc3 Bg7 3.d4 Nf6 4.e4 d6 5.Be2 O-O 6.Bg5 h6 7.Bf4 Na6 8.Qd2 Kh7 9.f3
c5 10.d5 Nc7 11.g4 Nd7 12.h4 Rb8 13.Nh3 Ne5 14.Kf2 Bd7 15.h5 gxh5 16.g5 Bxh3
17.Rxh3 Ng6 18.Rxh5 f5 19.Bd3 Nxf4 20.Qxf4 e5 21.Qh4 f4 22.Rxh6+ Kg8 23.Rg6
Ne8 24.Rh1 a6 25.Qh5 Rf7 26.Qh8# 1-0

[Event "It (open)"]
[Site "masterchessopen.com Passau (Germany)"]
[Round "0"]
[White "Zankl Thomas (GER)"]
[Black "Linner Christian (GER)"]
[Result "0-1"]
[WhiteElo "2101"]
[BlackElo "2112"]

1.d4 Nf6 2.c4 g6 3.Nc3 Bg7 4.e4 d6 5.Be2 O-O 6.Bg5 h6 7.Be3 Nbd7 8.Qd2 Kh7
9.h4 c5 10.h5 g5 11.d5 b5 12.cxb5 Ne5 13.f4 gxf4 14.Bxf4 Nfg4 15.Nf3 a6
16.bxa6 Bxa6 17.Bxa6 Rxa6 18.Nxe5 Nxe5 19.Rb1 Qa5 20.Rh3 c4 21.Bxe5 Bxe5
22.Rf3 f6 23.a3 Rg8 24.Kf1 Rb6 25.Qc2 Rb3 26.Ne2 Rxf3+ 27.gxf3 Qc5 28.f4 Bxf4
29.Nxf4 Qg1+ 30.Ke2 Qh2+ {#R} 0-1

[Event "Ch Slovakia (team) 1996/97"]
[Site "masterchessopen.com Presov (Slovakia)"]
[Round "5"]
[White "Kantorik Marian (SVK)"]
[Black "Hagara Eduard (SVK)"]
[Result "1-0"]
[WhiteElo "2260"]
[BlackElo "2165"]

1.d4 Nf6 2.c4 g6 3.Nc3 Bg7 4.e4 O-O 5.Be2 d6 6.Bg5 h6 7.Bh4 Nbd7 8.f4 c6 9.Nf3
Qe8 10.e5 dxe5 11.fxe5 Nh7 12.O-O Nb6 13.Qb3 Bf5 14.Rad1 Qd7 15.a4 Qc7 16.a5
Nd7 17.Bxe7 Nxe5 18.Bxf8 Nxf3+ 19.Bxf3 Nxf8 20.d5 Be5 21.h3 Qxa5 22.Qxb7 Rb8
23.Qe7 f6 24.dxc6 {#r} 1-0

[Event "Ch Europe (team) (w)"]
[Site "masterchessopen.com Pula (Croatia)"]
[Round "9"]
[White "Garcia Vicente Nieves (ESP)"]
[Black "Misanovic Vesna (BIH)"]
[Result "0-1"]
[WhiteElo "2255"]
[BlackElo "2395"]

1.d4 Nf6 2.c4 g6 3.Nc3 Bg7 4.e4 d6 5.Be2 O-O 6.Bg5 h6 7.Be3 e5 8.d5 Nbd7 9.Qd2
Nc5 10.Bf3 g5 11.h3 c6 12.g4 cxd5 13.cxd5 a5 14.Nge2 Bd7 15.Ng3 b5 16.Bxc5
dxc5 17.Nd1 Ne8 18.Ne3 Nd6 19.Ngf5 Bxf5 20.Nxf5 Nxf5 21.exf5 e4 22.Bxe4 Re8
23.f3 a4 24.Rc1 Bd4 25.Kf1 Qf6 26.Rh2 a3 27.b3 Qd6 28.Rc2 Qg3 29.Qg2 Qf4
30.Qd2 Rxe4 {#R} 0-1

[Event "?"]
[Site "masterchessopen.com Regensburg (Germany)"]
[Round "0"]
[White "Kupreichik Viktor D (BLR)"]
[Black "Lanka Zigurds (LAT)"]
[Result "1-0"]
[WhiteElo "2500"]
[BlackElo "2565"]

1.d4 Nf6 2.c4 g6 3.Nc3 Bg7 4.e4 d6 5.Be2 O-O 6.Bg5 h6 7.Be3 Nbd7 8.Qd2 c5 9.d5
Kh7 10.g4 b5 11.cxb5 Nb6 12.f3 Nfd7 13.Rc1 Ne5 14.b3 f5 15.gxf5 gxf5 16.f4 Ng6
17.exf5 Bxf5 18.Nf3 e5 19.fxe5 Nxe5 20.O-O Nbd7 21.Bf4 Qf6 22.Bg3 Nxf3+
23.Bxf3 Qg6 24.Rce1 Rae8 25.Bg2 Bd4+ 26.Kh1 Nf6 27.Bxd6 Bxc3 28.Qxc3 Ne4
29.Bxf8 Nxc3 30.Rxe8 Qxe8 31.Rxf5 Qxb5 32.d6 Qd3 33.Rf3 Qd4 34.Bf1 Kg6 35.Bd3+
Kh5 36.Rh3+ Kg4 37.Rg3+ {#r} 1-0

[Event "It"]
[Site "masterchessopen.com Reykjavik (Iceland)"]
[Round "5"]
[White "Schandorff Lars (DEN)"]
[Black "Djurhuus Rune (NOR)"]
[Result "1-0"]
[WhiteElo "2505"]
[BlackElo "2525"]

1.d4 Nf6 2.c4 g6 3.Nc3 Bg7 4.e4 d6 5.Be2 O-O 6.Bg5 h6 7.Be3 Nbd7 8.f3 c5 9.d5
a6 10.a4 Qa5 11.Bd2 Qc7 12.f4 e6 13.dxe6 fxe6 14.Nf3 Nb8 15.e5 Nfd7 16.Nh4
dxe5 17.Nxg6 Rf7 18.O-O Nc6 19.Bd3 Qd6 20.Be3 exf4 21.Ne4 Qc7 22.Bxf4 e5
23.Be3 Nf6 24.Nxf6+ Bxf6 25.Bxh6 Be6 26.Qh5 Qd7 27.Rxf6 Qd4+ 28.Kh1 Qxd3
29.Qg5 Rxf6 30.Qxf6 {#r} 1-0

[Event "It"]
[Site "masterchessopen.com Reykjavik (Iceland)"]
[Round "9"]
[White "Schandorff Lars (DEN)"]
[Black "Hillarp Persson Tiger (SWE)"]
[Result "1-0"]
[WhiteElo "2505"]
[BlackElo "2445"]

1.d4 Nf6 2.c4 g6 3.Nc3 Bg7 4.e4 d6 5.Be2 O-O 6.Bg5 h6 7.Be3 Nbd7 8.f3 a6 9.Qd2
Kh7 10.Nh3 c5 11.dxc5 Nxc5 12.Nf2 b5 13.b4 Ncd7 14.cxb5 axb5 15.Bxb5 Ra3
16.Rc1 Bb7 17.O-O g5 18.Nb1 Ra8 19.a4 Ne5 20.Nc3 Nfd7 21.a5 Rc8 22.Nd5 Rxc1
23.Rxc1 f5 24.Nc7 fxe4 25.Ne6 Qb8 26.Nxf8+ Nxf8 27.Nxe4 Bxe4 28.Bf1 Ba8
29.Qc2+ Nfg6 30.Qc8 {#r} 1-0

[Event "Ch Slovakia (team) 1997/98 (1 liga) West"]
[Site "masterchessopen.com Slovakia"]
[Round "4"]
[White "Sabik Robert (SVK)"]
[Black "Ruckschloss Karol (SVK)"]
[Result "0-1"]
[WhiteElo "1968"]
[BlackElo "2215"]

1.d4 Nf6 2.c4 g6 3.Nc3 Bg7 4.e4 d6 5.Be2 O-O 6.Bg5 h6 7.Be3 c6 8.f3 a6 9.Qd2
Kh7 10.a4 Qa5 11.Ra3 c5 12.d5 Nbd7 13.g4 Ne5 14.h3 Qb4 15.a5 Nxc4 16.Bxc4 Qxc4
17.Ra4 Qb3 18.Nge2 Nd7 19.Ra3 Qb4 20.Qc2 b5 21.O-O Ne5 22.Bd2 Nc4 23.Ra2 Nxd2
24.Qxd2 c4 25.f4 Qc5+ 26.Kh2 b4 27.Nd1 f5 28.exf5 gxf5 29.Ne3 c3 30.bxc3 bxc3
31.Qd3 Bd7 32.Nxf5 Bxf5 33.gxf5 Bf6 34.Rg1 Rab8 35.Rg3 Rb2 36.Rxb2 cxb2 37.Rg1
Qf2+ 38.Kh1 Rg8 39.Rxg8 Kxg8 40.Ng1 Bd4 {#R} 0-1

[Event "Ch SJRP (juniors) (under 17)"]
[Site "masterchessopen.com Speyer (Germany)"]
[Round "6"]
[White "Dany Sebastian (GER)"]
[Black "Sanner Dennis (GER)"]
[Result "0-1"]
[WhiteElo "2100"]
[BlackElo "2297"]

1.d4 Nf6 2.c4 g6 3.Nc3 Bg7 4.e4 d6 5.Be2 O-O 6.Bg5 h6 7.Be3 c6 8.Qd2 Kh7 9.f3
a6 10.a4 Qa5 11.Bd3 e5 12.d5 Nbd7 13.Nge2 Nc5 14.Bc2 Rd8 15.O-O Qb4 16.b3 a5
17.Nc1 Qb6 18.Nd3 Nfd7 19.Rfb1 Qc7 20.Rd1 Nxd3 21.Qxd3 c5 22.f4 exf4 23.Bxf4
Ne5 24.Qg3 Qe7 25.Rf1 Bd7 26.Rae1 Bf6 27.Qe3 Nxc4 28.Qd3 Ne5 29.Qd2 Bg7 30.h3
Rf8 31.Nd1 b5 32.Ne3 Qe8 33.Nf5 gxf5 34.exf5 f6 35.Re4 Bxf5 36.Bxh6 Bxe4
37.Bxe4+ Ng6 {#R} 0-1

[Event "It (open)"]
[Site "masterchessopen.com Spree (Germany)"]
[Round "3"]
[White "Reichenbach Werner (GER)"]
[Black "Idaczek Guenter (GER)"]
[Result "1-0"]
[WhiteElo "2255"]
[BlackElo "1939"]

1.d4 Nf6 2.c4 g6 3.Nc3 Bg7 4.e4 d6 5.Be2 O-O 6.Bg5 h6 7.Be3 Nbd7 8.Qd2 Kh7
9.f3 c5 10.d5 a6 11.Nh3 Ne8 12.f4 f5 13.exf5 gxf5 14.O-O Ndf6 15.Nf2 Nc7
16.Rfd1 Qe8 17.Rab1 b5 18.b3 Bd7 19.Bd3 Qh5 20.Ne2 Ng4 21.Nxg4 Qxg4 22.Ng3 Qh4
23.Bf2 Qg4 24.Be2 Qg6 25.Bf3 b4 26.Re1 Bc3 27.Rxe7+ Rf7 28.Qe2 Re8 29.Rxe8
Nxe8 30.Bh5 Qg7 31.Bxf7 Qxf7 32.Qh5 Qf6 33.Ne2 Ng7 34.Qf3 Ba1 35.Qe3 Be8
36.Re1 Bh5 37.h3 Qg6 38.Rxa1 {#r} 1-0

[Event "Ch Europe (juniors) (under 14)"]
[Site "masterchessopen.com Tallinn (Estonia)"]
[Round "7"]
[White "Izoria Zviad (GEO)"]
[Black "Mista Aleksander (POL)"]
[Result "1-0"]
[WhiteElo "2589"]
[BlackElo "2230"]

1.d4 g6 2.c4 Bg7 3.Nc3 d6 4.e4 Nf6 5.Be2 O-O 6.Bg5 h6 7.Be3 e5 8.d5 Na6 9.Qd2
Nc5 10.f3 a5 11.Bd1 Nh5 12.Bc2 f5 13.O-O-O Kh7 14.exf5 Bxf5 15.Nge2 Bxc2
16.Qxc2 b6 17.Ng3 Nf4 {#r} 1-0

[Event "It (open) \"]
[Site "masterchessopen.com Tatranska Lomnica (Slovakia)"]
[Round "5"]
[White "Belunek Vladimir (CZE)"]
[Black "Kucera Tomas (CZE)"]
[Result "0-1"]
[WhiteElo "2230"]
[BlackElo "1973"]

1.d4 Nf6 2.c4 g6 3.Nc3 Bg7 4.e4 d6 5.Be2 O-O 6.Bg5 h6 7.Be3 c5 8.d5 a6 9.Qd2
Kh7 10.f3 e6 11.a4 exd5 12.cxd5 Qa5 13.Ra3 Nbd7 14.Nh3 Ne5 15.Nf2 Bd7 16.O-O
Rae8 17.Rfa1 Bc8 18.h3 g5 19.g3 Qd8 20.Kh2 Ng6 21.Rg1 Rg8 22.a5 Nh5 23.Raa1
Be5 24.Nd3 Qd7 25.Bf1 f5 26.Nxe5 Nxe5 27.Qg2 g4 28.Be2 gxf3 29.Bxf3 Nxg3
30.exf5 Nxf5 {#R} 0-1

[Event "It (open)"]
[Site "masterchessopen.com Torshavn (Faroe Islands)"]
[Round "4"]
[White "Karason Askell O (ISL)"]
[Black "Hillarp Persson Tiger (SWE)"]
[Result "0-1"]
[WhiteElo "2305"]
[BlackElo "2445"]

1.d4 g6 2.e4 Bg7 3.c4 d6 4.Nc3 Nf6 5.Be2 O-O 6.Bg5 h6 7.Be3 Nbd7 8.h4 c5 9.d5
b5 10.cxb5 a6 11.h5 g5 12.f3 Ne5 13.Qd2 Qa5 14.Bxg5 hxg5 15.Qxg5 Kh7 16.h6 Bh8
17.Qd2 axb5 18.f4 b4 19.fxe5 bxc3 20.bxc3 Nxe4 21.Bd3 Bxe5 22.Bxe4+ f5 23.Ne2
fxe4 24.Rh5 Bf5 25.g4 Bg6 26.Rh3 Rf3 {#R} 0-1

[Event "It"]
[Site "masterchessopen.com Volgograd (Russia)"]
[Round "1"]
[White "Bets Anatolij (MDA)"]
[Black "Shubin Alexey (RUS)"]
[Result "1-0"]
[WhiteElo "2350"]
[BlackElo "2255"]

1.d4 Nf6 2.c4 g6 3.Nc3 Bg7 4.e4 d6 5.Be2 O-O 6.Bg5 h6 7.Be3 Nc6 8.d5 Ne5 9.f4
Ned7 10.Qd2 c5 11.a4 Kh7 12.Nh3 b6 13.Nf2 a6 14.g4 Ne8 15.h4 Rh8 16.h5 Kg8
17.hxg6 fxg6 18.Nd3 Nf8 19.e5 e6 20.O-O-O Ra7 21.a5 b5 22.exd6 Nxd6 23.Nxc5
Qxa5 24.Nb3 Bxc3 25.Nxa5 Bxd2+ 26.Rxd2 Rc7 27.dxe6 Ne4 28.Rd4 Ng3 29.Re1 Nxe6
30.Bf3 Kh7 31.Rd6 h5 32.Bb6 Rf7 33.gxh5 gxh5 34.Bd5 Nf5 35.Rc6 Ne7 36.Bxe6
Rxf4 37.Rc7 Bxe6 38.Rxe6 {#r} 1-0

[Event "It (open)"]
[Site "masterchessopen.com Zalakaros (Hungary)"]
[Round "6"]
[White "Szeberenyi Adam (HUN)"]
[Black "Szittar Antal (HUN)"]
[Result "1-0"]
[WhiteElo "2215"]
[BlackElo "2001"]

1.d4 Nf6 2.c4 g6 3.Nc3 Bg7 4.e4 d6 5.Be2 O-O 6.Bg5 h6 7.Be3 Nbd7 8.Qd2 Kh7
9.f3 c6 10.Nh3 e5 11.d5 cxd5 12.cxd5 a6 13.Nf2 b5 14.b4 Nb6 15.g4 Ng8 16.g5 h5
17.h4 Bd7 18.O-O Rc8 19.Nfd1 Nc4 20.Bxc4 Rxc4 21.Nb2 Rc8 22.a4 Qc7 23.Rfc1 Qb7
24.axb5 Bxb5 25.Nxb5 Rxc1+ 26.Rxc1 Qxb5 27.Rc6 Rb8 28.Nc4 Qa4 29.Nxd6 Rxb4
30.Nxf7 Ne7 31.Rc7 Rb1+ 32.Kg2 Qb5 33.d6 Qf1+ 34.Kg3 Nf5+ 35.exf5 gxf5 36.Nxe5
{#r} 1-0

[Event "It (open)"]
[Site "masterchessopen.com Zalakaros (Hungary)"]
[Round "6"]
[White "Wersching Alfred (AUT)"]
[Black "Ferencz Istvan (HUN)"]
[Result "1-0"]
[WhiteElo "2049"]
[BlackElo "2042"]

1.d4 Nf6 2.c4 g6 3.Nc3 Bg7 4.e4 d6 5.Be2 O-O 6.Bg5 h6 7.Be3 e5 8.d5 c6 9.Qd2
cxd5 10.cxd5 Kh7 11.h4 Nxe4 12.Nxe4 f5 13.Bxh6 Bxh6 14.Ng5+ Bxg5 15.hxg5+ Kg7
16.f4 Nd7 17.g3 Rh8 18.Rxh8 Kxh8 19.Nf3 Kg8 20.O-O-O Qb6 21.Rf1 Nc5 22.fxe5
Ne4 23.Qf4 Bd7 24.Bd3 Rc8+ 25.Kb1 Nc3+ 26.Ka1 Qa5 27.Bb1 Nxd5 28.Qh4 dxe5
29.Rh1 Ne7 30.Qh8+ Kf7 31.Rh7+ Ke6 32.Qg7 Qc5 33.Qf6+ Kd5 34.Qxe5+ Kc6 35.Qf6+
{#r} 1-0

[Event "Staatsliga B 1997/98"]
[Site "masterchessopen.com Austria"]
[Round "9"]
[White "Nagl Franz (AUT)"]
[Black "Weissenbeck Manuel (AUT)"]
[Result "0-1"]
[WhiteElo "2136"]
[BlackElo "2300"]

1.d4 Nf6 2.c4 g6 3.Nc3 Bg7 4.e4 d6 5.Be2 O-O 6.Bg5 h6 7.Be3 e5 8.d5 a5 9.Qd2
Kh7 10.h3 Na6 11.g4 Nc5 12.Bf3 Ne8 13.g5 f5 14.gxh6 Bf6 15.O-O-O f4 16.Bxc5
dxc5 17.Be2 Nd6 18.Nf3 Bd7 19.Rdg1 Kxh6 20.h4 Qe7 21.Ng5 Bxg5 22.Rxg5 Rh8
23.Rhg1 Rag8 24.Qd1 Nf7 25.R5g2 Rg7 26.Bh5 Rhg8 27.Bg4 g5 28.hxg5+ Rxg5
29.Rh2+ Kg7 30.Bxd7 Qxd7 31.Rxg5+ Nxg5 32.Qh5 Kf8 33.Qh6+ Qg7 34.Qh5 Qg6
35.Qxg6 Rxg6 36.Kd2 Nf3+ {#R} 0-1